| 000 | 00541nam a2200097Ia 4500 | ||
|---|---|---|---|
| 008 | 170517s9999 xx 000 0 und d | ||
| 245 | 4 | _aThe Collision of Journalism and Consumerism | |
| 300 | _aAny impairment of the free press' circulation to the people diminishes the efficiency and the value therefore of the democracy. In a democracy since the citizens are "running things" and deciding who's in office and making very important decisions... | ||
| 650 | _xMedia. | ||
| 856 | _uhttp://topdocumentaryfilms.com/collision-journalism-consumerism/ | ||
| 999 |
_c333548 _d333548 |
||